000 01039nam a2200253Ia 4500
003 OSt
005 20220918110729.0
006 a|||||r|||| 00| 0
007 ta
008 220915b |||||||| |||| 00| 0 hin d
020 _c300
024 _a246249
037 _b456, 24/03/2008, Swaraj Prakashan
_cReference Collections
040 _aARTS
_cARTS
_bhin
041 _2hin
_ahin
082 _aP152:4k, P7 (RR)
100 _aभारद्वाज, शिव प्रसाद, शास्त्री, संपा.
_99237
245 0 _aअशोक मानक विशाल हिन्दी शब्दकोश
246 _aAshok mānak vishāl hindī shabdakosha
260 _aदिल्ली
_bअशोक प्रकाशन भारत
_c2007
300 _a943पृ0
942 _hP152:4k, P7 (RR)
_cREF
999 _c114298
_d114298